| 000 | 01000nam a22003737a 4500 | ||
|---|---|---|---|
| 005 | 20241008163403.0 | ||
| 008 | 180926b xxu||||| |||| 00| 0 spa d | ||
| 020 | _a9789506418052 | ||
| 041 | _aspa | ||
| 082 | _a658.3 AL434m1 | ||
| 100 | _aAlles, Martha Alicia | ||
| 245 | _aLa marca recursos humanos: cómo lograr prestigio dentro la organización | ||
| 260 | _aArgentina | ||
| 260 | _bGranica | ||
| 260 | _b1 edición | ||
| 260 | _c2014 | ||
| 300 | _a300 páginas | ||
| 650 | _aADMINISTRACIÓN DE PERSONAL | ||
| 650 | _aRECURSOS HUMANOS | ||
| 650 | _aMARCA DE RECURSOS HUMANOS | ||
| 650 | _aVALORES | ||
| 650 | _aSUBSISTEMAS | ||
| 650 | _aENFOQUE SISTÉMICO | ||
| 650 | _aRELACIONES EXTERNAS | ||
| 650 | _aHIPECONETIVIDA | ||
| 650 | _aVIDA PROFESIONAL | ||
| 650 | _aCREDIBILIDAD TÉCNICA | ||
| 650 | _aROL DE DIRECTIVOS | ||
| 650 | _aMARCA EMPLEADORA | ||
| 650 | _aBUENAS PRÁCTICAS | ||
| 650 | _aPRODUCTOS | ||
| 650 | _aESTRATEGIA | ||
| 942 | _cBK | ||
| 999 |
_c11179 _d11179 |
||